| 000 | 01055nam a22003017a 4500 | ||
|---|---|---|---|
| 001 | 4754 | ||
| 003 | FISKH | ||
| 005 | 20250709085812.0 | ||
| 008 | 241007b cb ||||| |||| 00| 0 eng d | ||
| 020 | _a9780590956178 | ||
| 040 |
_aFISKH _beng _cFISKH _dFISKH |
||
| 050 | _aPZ7.C8185 | ||
| 082 | _a234 | ||
| 100 |
_aCosby, Bill _d(1937-) |
||
| 245 |
_aThe best way to play / _cby Bill Cosby illustrated by Varnette P. Honeywood |
||
| 250 | _aThis edition first printing in 2004 | ||
| 260 |
_aNew York : _bScholastic, _c2004. |
||
| 300 |
_a33 pages : _bColor illustrations ; _c23 cm |
||
| 505 | _aG | ||
| 520 | _aLittle Bill and his friends, avid fans of the television show "Space Explorers," clamor to get the video game version, but they find that they have more fun using their imagination while playing outside. | ||
| 521 | 8 |
_a360L
_bLexile |
|
| 521 | 8 |
_aG
_bRaz-Plus |
|
| 650 |
_2Friends _aLittle Bill |
||
| 650 |
_2Imagination _aEasy reader |
||
| 700 |
_aP.Honeywood, Varnette _dIllustrator |
||
| 942 |
_2ddc _cBK _n0 |
||
| 999 |
_c4754 _d4754 |
||